[Event "ICS rated blitz match"]
[Site "204.178.125.65"]
[Date "2000.05.30"]
[Round "?"]
[White "StrongBach"]
[Black "Hossa"]
[Result "0-1"]
[WhiteElo "1789"]
[BlackElo "2441"]
[PlyCount "114"]
[EventDate "2000.??.??"]

1. d4 d5 2. Nf3 Nf6 3. Be3 e6 4. Nbd2 Bd6 5. g3 Nbd7 6. Bg2 c5 7. Rc1 cxd4 8.
Nxd4 O-O 9. Nb5 Be5 10. c3 a6 11. Na3 Bd6 12. Nc2 Ng4 13. Bd4 e5 14. e4 exd4
15. Qxg4 Ne5 16. Qe2 d3 17. Qd1 dxc2 18. Qxc2 dxe4 19. Nxe4 Bg4 20. O-O Be7 21.
Rb1 Bf3 22. Bxf3 Nxf3+ 23. Kg2 f5 24. Qb3+ Rf7 25. Rbd1 Qe8 26. Kxf3 fxe4+ 27.
Kg2 Bc5 28. Rd5 Qc6 29. Qc4 Bxf2 30. Qxe4 Re8 31. Qd3 Ref8 32. Kh1 Bd4 33. Rxf7
Qxd5+ 34. Qf3 Qxf3+ 35. Rxf3 Rxf3 36. cxd4 Rf1+ 37. Kg2 Rb1 38. Kh3 Rxb2 39. a3
Rd2 40. a4 Rxd4 41. Kg2 Rxa4 42. Kf3 Rc4 43. h3 Rc3+ 44. Kf4 a5 45. Ke4 Rxg3
46. Ke5 Rxh3 47. Kd4 Rh4+ 48. Kc3 Kf7 49. Kc2 Kf6 50. Kc1 Rh2 51. Kd1 Ke5 52.
Ke1 Kd4 53. Kd1 Ke3 54. Kc1 Kd3 55. Kb1 Kc3 56. Ka1 Kb3 57. Kb1 Rh1# 0-1

[Event "ICS rated standard match"]
[Site "204.178.125.65"]
[Date "2000.05.30"]
[Round "?"]
[White "Pacino"]
[Black "Hossa"]
[Result "0-1"]
[WhiteElo "2066"]
[BlackElo "2320"]
[PlyCount "38"]
[EventDate "2000.??.??"]

1. e4 c5 2. Nf3 e6 3. c3 d5 4. exd5 exd5 5. d4 Nc6 6. Bd3 c4 7. Bc2 Nf6 8. O-O
Be7 9. h3 O-O 10. Bf4 Re8 11. Nbd2 Bd6 12. Bxd6 Qxd6 13. b3 b5 14. a4 b4 15.
bxc4 bxc3 16. c5 Qf4 17. Nb1 Ba6 18. Bd3 c2 19. Qxc2 Nb4 {Pacino resigns} 0-1

[Event "ICS rated blitz match"]
[Site "204.178.125.65"]
[Date "2000.05.30"]
[Round "?"]
[White "Hossa"]
[Black "QueenMaxima"]
[Result "0-1"]
[WhiteElo "2442"]
[BlackElo "2575"]
[PlyCount "104"]
[EventDate "2000.??.??"]

1. c4 e6 2. Nf3 Nf6 3. g3 d5 4. Bg2 Be7 5. cxd5 exd5 6. Nc3 O-O 7. d4 c6 8. O-O
Bf5 9. Nh4 Be6 10. Nf3 Nbd7 11. Bf4 Bg4 12. Qc2 Re8 13. Rfe1 Bb4 14. a3 Ba5 15.
b4 Bc7 16. Bg5 h6 17. Bxf6 Nxf6 18. a4 Qd6 19. b5 Ba5 20. Qd2 Qb4 21. Rec1 cxb5
22. axb5 Rac8 23. Qa2 Bb6 24. Rab1 Rxc3 25. Rxb4 Rxc1+ 26. Bf1 Bxf3 27. Qa3
Rxf1+ 28. Kxf1 Bxe2+ 29. Kg2 Bc4 30. Qa1 Re2 31. Rxc4 dxc4 32. Qc1 Bxd4 33.
Qxc4 Rxf2+ 34. Kh1 Bb6 35. Qc3 h5 36. Qc8+ Kh7 37. Qh3 Kh6 38. Qg2 Rxg2 39.
Kxg2 Ne4 40. h4 Bc7 41. Kf3 f5 42. Ke3 Bxg3 43. Kd4 Bxh4 44. Ke5 g6 45. Ke6 Bg3
46. Ke7 h4 47. Kf8 h3 48. Kg8 h2 49. Kh8 Nf6 50. b6 h1=Q 51. bxa7 b5 52. a8=B
Qxa8# {Hossa checkmated} 0-1

[Event "ICS rated standard match"]
[Site "204.178.125.65"]
[Date "2000.05.30"]
[Round "?"]
[White "GodsProperty"]
[Black "Hossa"]
[Result "1-0"]
[WhiteElo "2377"]
[BlackElo "2326"]
[PlyCount "137"]
[EventDate "2000.??.??"]

1. d4 d5 2. c4 e6 3. Nc3 Be7 4. cxd5 exd5 5. Bf4 Nf6 6. e3 O-O 7. Bd3 Nc6 8. a3
Be6 9. Nge2 Bd6 10. O-O Bxf4 11. Nxf4 Re8 12. Nxe6 Rxe6 13. Bf5 Re8 14. Rc1 g6
15. Bc2 Qd6 16. Ba4 Rab8 17. Nb5 Qe7 18. Qf3 Ne4 19. Rfd1 a6 20. Nc3 Qd6 21.
Bb3 Nxc3 22. Rxc3 Rbd8 23. Rdc1 Qe6 24. Qd1 Rd7 25. e4 Ne7 26. Re3 Red8 27. Rc5
Qb6 28. e5 Nf5 29. Rf3 c6 30. Bc2 Ng7 31. Rb3 Qc7 32. Rcc3 Ne6 33. Rd3 c5 34.
Rbc3 Qb8 35. dxc5 Qxe5 36. Bb3 d4 37. c6 bxc6 38. Rxc6 Nf4 39. Rf3 Re7 40. h3
Qg5 41. g3 Qb5 42. Ba4 Nxh3+ 43. Kg2 Qh5 44. Rff6 Re2 45. Rc2 Re5 46. Qxh5 Rxh5
47. f4 a5 48. Rc7 d3 49. Rfxf7 Rb8 50. b3 g5 51. Rf5 d2 52. Rd7 Ra8 53. Rxd2
Kh8 54. g4 Nxf4+ 55. Rxf4 Rh1 56. Rf5 Ra1 57. Rxg5 Rxa3 58. Rd7 Rg8 59. Rxg8+
Kxg8 60. Rd5 Ra2+ 61. Kf3 Rc2 62. Rxa5 Rc3+ 63. Ke4 Rc1 64. Bb5 Rb1 65. Bc4+
Kg7 66. Kf5 Rh1 67. g5 Kf8 68. Kf6 Re1 69. Bb5 {Hossa resigns} 1-0

[Event "ICS rated blitz match"]
[Site "204.178.125.65"]
[Date "2000.05.30"]
[Round "?"]
[White "Hossa"]
[Black "JackBach"]
[Result "1-0"]
[WhiteElo "2432"]
[BlackElo "1387"]
[PlyCount "37"]
[EventDate "2000.??.??"]

1. e4 a6 2. d4 d5 3. exd5 Qxd5 4. Nc3 Qa5 5. Nf3 Nf6 6. Bd2 Nc6 7. Bc4 e5 8.
Nd5 Bb4 9. Nxb4 Nxb4 10. a3 exd4 11. Bxb4 Qb6 12. Qe2+ Be6 13. Nxd4 Qxd4 14.
Bxe6 fxe6 15. Qxe6+ Kd8 16. Be7+ Ke8 17. Bxf6+ Kf8 18. Qe7+ Kg8 19. Qxg7# {
JackBach checkmated} 1-0

[Event "ICS rated blitz match"]
[Site "204.178.125.65"]
[Date "2000.05.30"]
[Round "?"]
[White "HalfBach"]
[Black "Hossa"]
[Result "0-1"]
[WhiteElo "1928"]
[BlackElo "2432"]
[PlyCount "60"]
[EventDate "2000.??.??"]

1. d4 d5 2. Nf3 Nf6 3. Be3 e6 4. Qd2 Ne4 5. Qd3 Nc6 6. Qb5 Bd7 7. c3 Nb4 8.
Qxb4 Bxb4 9. cxb4 f6 10. Bf4 g5 11. Bc1 e5 12. dxe5 g4 13. Nfd2 Nxd2 14. Nxd2
fxe5 15. e3 Qe7 16. a3 O-O 17. Be2 Qf6 18. O-O Rf7 19. f3 Qg5 20. Nb1 g3 21. h3
Qf6 22. Nc3 c6 23. Rd1 Raf8 24. Kh1 Bc8 25. Bd2 Qh4 26. Bd3 Bxh3 27. Kg1 Bxg2
28. Bxh7+ Rxh7 29. Kxg2 Qh3+ 30. Kg1 Qh1# {HalfBach checkmated} 0-1

[Event "ICS rated blitz match"]
[Site "204.178.125.65"]
[Date "2000.05.30"]
[Round "?"]
[White "PostModernist"]
[Black "Hossa"]
[Result "1-0"]
[WhiteElo "2629"]
[BlackElo "2434"]
[PlyCount "147"]
[EventDate "2000.??.??"]

1. d4 d5 2. Nf3 Nf6 3. e3 c5 4. c3 e6 5. Bd3 Nc6 6. Nbd2 Bd6 7. O-O Bd7 8. dxc5
Bxc5 9. e4 O-O 10. exd5 Nxd5 11. Ne4 Be7 12. c4 Ndb4 13. Bf4 Nxd3 14. Qxd3 Nb4
15. Qc3 Ba4 16. b3 Bc6 17. Rfd1 Qa5 18. Bd6 Rfe8 19. Bxe7 Rxe7 20. Nd6 Bxf3 21.
Qxf3 Qb6 22. Rd2 Rd7 23. Qh5 f5 24. Rad1 Rad8 25. Nb5 Rxd2 26. Rxd2 e5 27. Rd7
Rf8 28. Qg5 Qf6 29. Qxf6 Rxf6 30. Rxb7 a6 31. Nc3 Nc2 32. b4 Rc6 33. c5 Nd4 34.
Rb6 e4 35. Rxc6 Nxc6 36. b5 axb5 37. Nxb5 Kf7 38. a4 Ke6 39. Nc7+ Kd7 40. Nd5
Nd4 41. a5 Kc6 42. a6 Nb5 43. Ne7+ Kxc5 44. Nxf5 g6 45. Ng3 Kb6 46. Nxe4 h6 47.
f4 Kxa6 48. Kf2 Nd4 49. Nd6 h5 50. Ke3 Nc2+ 51. Ke4 Kb6 52. Nc4+ Kc7 53. Ne5
Ne1 54. g3 Kd6 55. Nxg6 Ng2 56. f5 Ne1 57. Nf4 h4 58. gxh4 Ke7 59. h5 Kf7 60.
h6 Nc2 61. Ne6 Kg8 62. Ng5 Nb4 63. f6 Kf8 64. h7 Ke8 65. h8=Q+ Kd7 66. f7 Na2
67. Qd4+ Kc6 68. Qc4+ Kb7 69. f8=Q Nc3+ 70. Qxc3 Kb6 71. Qfc5+ Kb7 72. Qc8+ Kb6
73. Qb4+ Ka7 74. Qcb7# {Hossa checkmated} 1-0

[Event "ICS rated blitz match"]
[Site "204.178.125.65"]
[Date "2000.05.30"]
[Round "?"]
[White "Hossa"]
[Black "PostModernist"]
[Result "0-1"]
[WhiteElo "2426"]
[BlackElo "2637"]
[PlyCount "68"]
[EventDate "2000.??.??"]

1. d4 Nf6 2. c4 g6 3. Nc3 d5 4. Nf3 Bg7 5. Qb3 dxc4 6. Qxc4 O-O 7. e4 Na6 8.
Bg5 c5 9. dxc5 Be6 10. Qb5 Bd7 11. Qxb7 Nxc5 12. Qb4 Rc8 13. e5 Ng4 14. Nd5 f6
15. Bh4 Be6 16. Nf4 Bf7 17. Nxg6 Bxg6 18. Qxg4 Ne4 19. Qe6+ Kh8 20. Qa6 fxe5
21. Be2 Nc5 22. Qxa7 Rc7 23. Qa3 Nd3+ 24. Bxd3 Bxd3 25. Rd1 e4 26. Nd2 Bd4 27.
Bg3 Rc2 28. Bh4 Qb6 29. f3 Qh6 30. Bf2 Bxf2+ 31. Kxf2 Rxf3+ 32. gxf3 e3+ 33.
Kg3 Qg5+ 34. Kh3 Bf5# {Hossa checkmated} 0-1

[Event "ICS rated standard match"]
[Site "204.178.125.65"]
[Date "2000.05.30"]
[Round "?"]
[White "Hossa"]
[Black "PostModernist"]
[Result "0-1"]
[WhiteElo "2312"]
[BlackElo "2378"]
[PlyCount "109"]
[EventDate "2000.??.??"]

1. d4 Nf6 2. c4 c5 3. d5 g6 4. Nc3 Bg7 5. e4 d6 6. Be2 e6 7. dxe6 fxe6 8. e5
dxe5 9. Qxd8+ Kxd8 10. Be3 Nbd7 11. O-O-O b6 12. Bf3 Rb8 13. Nb5 a6 14. Nd6 Rf8
15. Nh3 h6 16. Rd2 Ne8 17. Rhd1 Nxd6 18. Rxd6 Ke7 19. Kb1 g5 20. Bc6 Nf6 21.
Nxg5 hxg5 22. Bxg5 Kf7 23. h4 e4 24. R6d2 e5 25. Bd5+ Nxd5 26. cxd5 Bf5 27. Ka1
Rb7 28. Rh1 Rd7 29. h5 Rg8 30. Rg1 Bf8 31. Be3 Ke8 32. b4 cxb4 33. Bxb6 Rb7 34.
Be3 Rh7 35. g3 Rxh5 36. Rc1 Rg6 37. Rdc2 Rd6 38. Rd2 Rh2 39. Rb1 a5 40. Re1 Rd8
41. Bb6 Bh6 42. Be3 Bxe3 43. Rxe3 Ke7 44. Kb2 Be6 45. Rxe4 Rxd5 46. Rde2 Kf6
47. Rc2 Rd3 48. Rxe5 Ra3 49. Rxe6+ Kxe6 50. Rc6+ Ke5 51. Rc5+ Ke4 52. Rc4+ Kf3
53. Rf4+ Ke2 54. g4 Rxf2 55. Rf5 {Hossa resigns} 0-1

[Event "ICS rated standard match"]
[Site "204.178.125.65"]
[Date "2000.05.30"]
[Round "?"]
[White "PostModernist"]
[Black "Hossa"]
[Result "1-0"]
[WhiteElo "2391"]
[BlackElo "2299"]
[PlyCount "103"]
[EventDate "2000.??.??"]

1. e4 c5 2. c3 e6 3. d4 d5 4. e5 Nc6 5. Nf3 Bd7 6. a3 c4 7. g3 f6 8. exf6 Nxf6
9. Bg2 Bd6 10. Nbd2 O-O 11. O-O Qc7 12. Re1 Rae8 13. b3 cxb3 14. Qxb3 Rc8 15.
Bb2 Ng4 16. Bh3 h5 17. Ng5 Be7 18. Nxe6 Bxe6 19. Rxe6 Nxf2 20. Bg2 h4 21. Qxd5
Rf7 22. Re3 hxg3 23. Rf3 Rcf8 24. Rf1 Bh4 25. hxg3 Bxg3 26. R1xf2 Bxf2+ 27.
Rxf2 Qg3 28. Ne4 Qh4 29. Rf3 Ne7 30. Qe6 Nc6 31. Nd6 Nd8 32. Qd5 Qe1+ 33. Kh2
b6 34. Rh3 g6 35. c4 Ne6 36. Nxf7 Rxf7 37. Qa8+ Rf8 38. Qxa7 Rf7 39. Qxb6 Rf2
40. Qb7 Rf7 41. Qc8+ Rf8 42. Qd7 Rf1 43. d5 Rh1+ 44. Bxh1 Qf2+ 45. Bg2 Qxb2 46.
Qxe6+ Kg7 47. Qe7+ Kg8 48. Qe8+ Kg7 49. Qh8+ Kf7 50. Rh7+ Qg7 51. Qxg7+ Ke8 52.
Rh8# {Hossa checkmated} 1-0

[Event "ICS rated blitz match"]
[Site "204.178.125.65"]
[Date "2000.05.30"]
[Round "?"]
[White "StrongBach"]
[Black "Hossa"]
[Result "0-1"]
[WhiteElo "1753"]
[BlackElo "2419"]
[PlyCount "74"]
[EventDate "2000.??.??"]

1. d3 d5 2. Bf4 Nf6 3. Nf3 Nc6 4. Rg1 e6 5. c3 Bd6 6. Bd2 e5 7. Qb3 e4 8. dxe4
dxe4 9. Ng5 O-O 10. Qa4 Re8 11. Qc4 Re7 12. h4 h6 13. Nh3 Bg4 14. Qb3 Qd7 15.
Rh1 Bc5 16. c4 e3 17. Bxe3 Bxe3 18. fxe3 Rae8 19. Qxb7 Rb8 20. Qa6 Nb4 21. Qxa7
Nc2+ 22. Kf2 Rxb2 23. Nc3 Nxa1 24. Qa3 Rd2 25. Qc1 Rxe3 26. Nd5 Rexe2+ 27. Bxe2
Rxe2+ 28. Kg1 Nxd5 29. Qxa1 Qe7 30. Qd4 Ne3 31. Nf4 Re1+ 32. Kh2 Qxh4+ 33. Nh3
Re2 34. Qxe3 Rxe3 35. Rb1 Rxh3+ 36. gxh3 Qf2+ 37. Kh1 Bf3# 0-1

[Event "ICS rated blitz match"]
[Site "204.178.125.65"]
[Date "2000.05.30"]
[Round "?"]
[White "Hossa"]
[Black "QueenMaxima"]
[Result "0-1"]
[WhiteElo "2420"]
[BlackElo "2586"]
[PlyCount "100"]
[EventDate "2000.??.??"]

1. e4 e5 2. f4 exf4 3. Nf3 g5 4. h4 g4 5. Ng5 h6 6. Nxf7 Kxf7 7. d4 f3 8. Bc4+
d5 9. Bxd5+ Kg7 10. gxf3 Nf6 11. Bf4 Nxd5 12. exd5 Bd6 13. Be5+ Bxe5 14. dxe5
c6 15. Nc3 Qb6 16. Qd2 Rf8 17. O-O-O Rxf3 18. d6 Be6 19. Rhf1 Rxf1 20. Rxf1 Nd7
21. Re1 Rf8 22. Qg2 Rf2 23. Qg3 Bf5 24. Ne4 Rf3 25. Qg1 Qxg1 26. Rxg1 Nxe5 27.
Ng3 Kf6 28. b3 Bh7 29. Nh1 Ke6 30. h5 Kxd6 31. Kb2 Rf5 32. Ng3 Rf2 33. Rd1+ Kc5
34. Rd8 Rxc2+ 35. Ka1 Rc1+ 36. Kb2 Rg1 37. Rh8 Bd3 38. Re8 Kd4 39. Rd8+ Ke3 40.
Re8 Kf4 41. Re6 Rxg3 42. Rxh6 Rg2+ 43. Ka3 a5 44. Rf6+ Ke3 45. Re6 b5 46. Rxe5+
Kd4 47. b4 Bc4 48. Re2 Rxe2 49. bxa5 c5 50. a6 Rxa2# {Hossa checkmated} 0-1

[Event "ICS rated standard match"]
[Site "204.178.125.65"]
[Date "2000.05.30"]
[Round "?"]
[White "middie"]
[Black "Hossa"]
[Result "0-1"]
[WhiteElo "2008"]
[BlackElo "2285"]
[PlyCount "57"]
[EventDate "2000.??.??"]

1. c4 e6 2. Nf3 Nf6 3. g3 d5 4. b3 Nc6 5. Bb2 d4 6. Bg2 e5 7. d3 Bb4+ 8. Nbd2
e4 9. dxe4 Nxe4 10. O-O Nc3 11. Qe1 O-O 12. a3 Re8 13. axb4 Nxe2+ 14. Kh1 Nxg3+
15. fxg3 Rxe1 16. Raxe1 Nxb4 17. Nxd4 Nd3 18. Bd5 Nxe1 19. Rxf7 Qxd5+ 20. cxd5
Kxf7 21. Nb5 c6 22. Nc7 Rb8 23. Ne4 Bg4 24. Nd6+ Ke7 25. Ba3 Kd7 26. dxc6+ Kxc7
27. Nxb7 Bf3+ 28. Kg1 Bxc6 29. Na5 {middie resigns} 0-1

[Event "ICS rated standard match"]
[Site "204.178.125.65"]
[Date "2000.05.30"]
[Round "?"]
[White "Hossa"]
[Black "QueenMaxima"]
[Result "0-1"]
[WhiteElo "2290"]
[BlackElo "2326"]
[PlyCount "122"]
[EventDate "2000.??.??"]

1. e4 c5 2. Nf3 d6 3. d4 cxd4 4. Qxd4 a6 5. Be3 Nc6 6. Qb6 Qxb6 7. Bxb6 Nf6 8.
Nc3 Bg4 9. h3 Bxf3 10. gxf3 g6 11. O-O-O Bg7 12. Kb1 Nd7 13. Nd5 Nxb6 14. Nxb6
Rd8 15. c3 O-O 16. Rg1 f5 17. Bc4+ Kh8 18. Rg2 Ne5 19. Be6 f4 20. Kc2 Rf6 21.
Bc8 Nxf3 22. Bg4 Ne5 23. Nd5 Rff8 24. Nc7 f3 25. Rh2 Rf6 26. Rhh1 a5 27. Nd5
Rff8 28. Be6 a4 29. Rd4 Nd7 30. Rxa4 Nc5 31. Rb4 Nxe6 32. Rxb7 Rfe8 33. Rxe7
Rxe7 34. Nxe7 Re8 35. Nc6 Nf4 36. Kb1 Rxe4 37. Nd8 d5 38. Nf7+ Kg8 39. Nd6 Re2
40. Rd1 Rxf2 41. a3 Re2 42. Rf1 f2 43. Rxf2 Rxf2 44. Ka1 Nd3 45. Nc8 Nxb2 46.
Ne7+ Kf7 47. Nxd5 Na4 48. h4 Rd2 49. Kb1 Rxd5 50. Kc2 Nxc3 51. a4 h5 52. a5
Rxa5 53. Kd2 g5 54. hxg5 Ra2+ 55. Ke3 h4 56. Kf4 h3 57. Kf3 h2 58. Kg4 h1=Q 59.
g6+ Kxg6 60. Kf4 Qg2 61. Ke3 Qg3# {Hossa checkmated} 0-1

[Event "ICS Rated blitz match"]
[Site "204.178.125.65"]
[Date "2000.05.30"]
[Round "?"]
[White "Hossa"]
[Black "Amateur"]
[Result "0-1"]
[WhiteElo "2411"]
[BlackElo "2563"]
[PlyCount "130"]
[EventDate "2000.??.??"]

1. d4 Nf6 2. c4 e6 3. Nf3 b6 4. e3 Bb7 5. Bd3 d5 6. cxd5 Bb4+ 7. Bd2 Nxd5 8.
O-O O-O 9. Qc2 h6 10. Rc1 Nc6 11. Nc3 Nxc3 12. Bxc3 Bxc3 13. Qxc3 Rc8 14. e4
Qd6 15. Bb5 Ne7 16. Qd3 Ng6 17. Ba4 c5 18. Rd1 Qf4 19. Re1 cxd4 20. Qxd4 Rfd8
21. Qb4 Qg4 22. h3 Qf4 23. Bb3 Rc5 24. Qa4 Ra5 25. Qb4 Qf6 26. Rad1 Rxd1 27.
Rxd1 Qxb2 28. Rd8+ Kh7 29. Qe1 Rc5 30. Rd1 Nf4 31. Rd7 Rc1 32. Bd1 Bc6 33. Rd2
Qb1 34. Nd4 Bxe4 35. f3 Bd5 36. a3 e5 37. Nc2 Bb3 38. Ne3 Qa1 39. Kh1 Qxa3 40.
Rd7 a5 41. Qd2 Qc5 42. g3 Be6 43. Rd8 Nxh3 44. Qe2 e4 45. Kh2 Rc3 46. Ng4 exf3
47. Qe4+ Bf5 48. Qe1 Bxg4 49. Rd2 Qc4 50. Qe5 f2 51. Bxg4 f1=Q 52. Bf5+ g6 53.
Bxh3 Qc1 54. Rf2 Rc2 55. Qf6 Qe1 56. Rxc2 Qxc2+ 57. Bg2 Qef2 58. Qxf2 Qxf2 59.
Kh3 a4 60. Bb7 a3 61. Be4 a2 62. Bd5 a1=Q 63. Be4 Qaf1+ 64. Kh4 Qh2+ 65. Kg4
Qhh3# {Hossa checkmated} 0-1

[Event "ICS rated standard match"]
[Site "204.178.125.65"]
[Date "2000.05.30"]
[Round "?"]
[White "Amateur"]
[Black "Hossa"]
[Result "1/2-1/2"]
[WhiteElo "2297"]
[BlackElo "2276"]
[PlyCount "310"]
[EventDate "2000.??.??"]

1. Nf3 Nf6 2. g3 b5 3. Bg2 Bb7 4. O-O e6 5. d3 d5 6. Bg5 Be7 7. Qd2 h6 8. Bf4
g5 9. Be3 c5 10. d4 Ne4 11. Qd1 c4 12. a4 b4 13. Ra2 h5 14. Nbd2 Nd6 15. Ne5 h4
16. Ra1 c3 17. bxc3 bxc3 18. Nb3 hxg3 19. fxg3 Nc6 20. Nc5 Nxe5 21. dxe5 Nc4
22. Nxb7 Nxe3 23. Qd3 Qc8 24. Qxe3 Qxb7 25. Qxc3 Rc8 26. Qf3 Bd8 27. Ra2 Rc4
28. a5 Qc7 29. Rb2 Ra4 30. Rb5 Ra2 31. a6 Rxa6 32. e4 d4 33. Rb4 Qe7 34. Rc4
Qd7 35. Kh1 Rh7 36. Rb1 Bb6 37. Qg4 Qd8 38. Rc6 Ra5 39. Rd6 Qc7 40. Qxg5 Rxh2+
41. Kxh2 Qxd6 42. exd6 Rxg5 43. Re1 Rh5+ 44. Bh3 Re5 45. Bg2 f5 46. g4 fxg4 47.
Kg3 Kd7 48. Rd1 Ra5 49. Kxg4 Rc5 50. Bf1 e5 51. Bd3 Kxd6 52. Rh1 Rc8 53. Rh6+
Kc5 54. Kf5 Bc7 55. Ra6 Bb8 56. Ra4 Kd6 57. Ra6+ Kd7 58. Bb5+ Ke7 59. Re6+ Kf7
60. Bc6 a5 61. Bd5 Kf8 62. Rh6 Ke7 63. Rh7+ Kd6 64. Rh6+ Kc5 65. Rh3 Kb6 66.
Rb3+ Ka7 67. Ke6 Re8+ 68. Kf7 Rh8 69. Kg7 Rc8 70. Kf6 Bc7 71. Ke6 Bb6 72. Rb2
Rb8 73. Rb5 Bc7 74. Rc5 Kb6 75. Rc6+ Kb7 76. Ke7 d3 77. cxd3 Kc8 78. Ra6 Rb5
79. Ke6 Kd8 80. Kf6 Rb2 81. Ke6 Rb4 82. Kf7 Kc8 83. Ke7 Ra4 84. Rg6 Bb8 85.
Rc6+ Bc7 86. Rh6 Bb8 87. Rg6 Rb4 88. Rg8+ Kc7 89. Rg6 Rb5 90. Re6 Kc8 91. Rf6
Kc7 92. Ra6 Kc8 93. Rg6 Rb4 94. Ra6 Bc7 95. Ra7 Rb5 96. Ra6 Rc5 97. Ra8+ Bb8
98. Ra6 Kc7 99. Rd6 Rb5 100. Rc6+ Kb7 101. Kd8 a4 102. Rc4+ Kb6 103. Rxa4 Ra5
104. Rb4+ Rb5 105. Rxb5+ Kxb5 106. Ke7 Ba7 107. Kd6 Bd4 108. Bc4+ Ka5 109. Ke7
Ka4 110. Ke6 Kb4 111. Kd5 Bc3 112. Kd6 Bd4 113. Ba6 Kc3 114. Kd5 Kb4 115. Kc6
Kc3 116. Kd6 Kb3 117. Ke6 Kb4 118. Kd5 Bb2 119. Kd6 Bd4 120. Bc4 Ka5 121. Ke7
Ka4 122. Ke6 Kb4 123. Kd5 Bc3 124. Kc6 Bd4 125. Kd7 Kc3 126. Ke6 Kb4 127. Kf6
Kc3 128. Kf5 Kd2 129. Kf6 Kc3 130. Ba6 Kd2 131. Ke6 Kc3 132. Bb5 Kb4 133. Ba6
Kc3 134. Kf5 Kd2 135. Bb5 Kc3 136. Kf6 Kd2 137. Ke6 Ke3 138. Kd5 Kd2 139. Kc4
Ke3 140. Bc6 Kf3 141. Bd7 Ke2 142. Bg4+ Ke3 143. Be6 Kd2 144. Bg4 Ke3 145. Bd7
Ke2 146. Bc6 Kf3 147. Bb7 Ke3 148. Bc8 Kf3 149. Be6 Ke3 150. Bg4 Kf4 151. Be6
Ke3 152. Bh3 Kf3 153. Bc8 Ke3 154. Bb7 Kf3 155. Ba8 Kf4 1/2-1/2

[Event "ICS Rated standard match"]
[Site "204.178.125.65"]
[Date "2000.05.31"]
[Round "?"]
[White "QueenMaxima"]
[Black "Hossa"]
[Result "0-1"]
[WhiteElo "2340"]
[BlackElo "2277"]
[PlyCount "136"]
[EventDate "2000.??.??"]

1. d4 Nf6 2. c4 c5 3. d5 g6 4. Nc3 Bg7 5. e4 d6 6. Bd3 Na6 7. h3 e6 8. Nf3 exd5
9. cxd5 Nb4 10. Be2 O-O 11. a3 Na6 12. Bxa6 bxa6 13. O-O a5 14. Re1 Re8 15. Bf4
Nh5 16. Bh2 Rb8 17. Qd2 Qb6 18. Na4 Qc7 19. Rac1 c4 20. g4 Qd7 21. Rxc4 Nf6 22.
e5 Ba6 23. Rd4 Nxd5 24. Rxd5 Qxa4 25. exd6 Rxe1+ 26. Nxe1 Bb7 27. Rxa5 Qc6 28.
f3 Re8 29. Kf2 Ba6 30. d7 Qb6+ 31. Kg3 Rd8 32. Qb4 Qc6 33. Bg1 Bb7 34. Rxa7
Rxd7 35. Kg2 Be5 36. Be3 Qc8 37. h4 Bb8 38. Ra5 Qc7 39. Kf1 Qg3 40. Bf2 Qh3+
41. Ke2 Qh1 42. Qc4 Bc7 43. Rb5 Ba6 44. Rb8+ Bxb8 45. Qxa6 Rd8 46. Qa5 Re8+ 47.
Kd2 Qf1 48. Nd3 Qe2+ 49. Kc3 Rc8+ 50. Bc5 Be5+ 51. Kc4 Bxb2 52. Qa6 Rd8 53. Kb4
Qxd3 54. Qxd3 Rxd3 55. a4 Ba3+ 56. Kc4 Rxf3 57. Bd4 Rf4 58. Kd3 Rxd4+ 59. Kxd4
Bb4 60. Ke5 h5 61. gxh5 gxh5 62. Kf6 Bd2 63. Kf5 Kg7 64. a5 Bxa5 65. Kg5 Bd8+
66. Kxh5 Kh7 67. Kg4 Kg6 68. h5+ Kh6 {QueenMaxima resigns} 0-1

[Event "ICS rated standard match"]
[Site "204.178.125.65"]
[Date "2000.05.31"]
[Round "?"]
[White "Hossa"]
[Black "nitmo"]
[Result "1-0"]
[WhiteElo "2296"]
[BlackElo "2082"]
[PlyCount "61"]
[EventDate "2000.??.??"]

1. e4 e5 2. Bc4 Nf6 3. d3 c6 4. Nf3 d5 5. Bb3 Bd6 6. Nc3 Be6 7. exd5 Nxd5 8.
Ne4 O-O 9. O-O h6 10. Nxd6 Qxd6 11. d4 e4 12. Ne5 Nd7 13. Nc4 Qc7 14. Re1 f5
15. Bd2 b5 16. Ba5 Qb8 17. Nd2 N7f6 18. c3 Qe8 19. a4 a6 20. Qc2 Qh5 21. axb5
Ng4 22. h3 axb5 23. hxg4 Qxg4 24. f3 exf3 25. Nxf3 f4 26. Ne5 Qg3 27. Nxc6 Rxa5
28. Nxa5 Rf6 29. Rxe6 Rxe6 30. Bxd5 Qe3+ 31. Qf2 {nitmo resigns} 1-0

[Event "ICS rated standard match"]
[Site "204.178.125.65"]
[Date "2000.05.31"]
[Round "?"]
[White "nitmo"]
[Black "Hossa"]
[Result "0-1"]
[WhiteElo "2075"]
[BlackElo "2303"]
[PlyCount "58"]
[EventDate "2000.??.??"]

1. e4 c5 2. Nf3 d6 3. d4 cxd4 4. Nxd4 Nf6 5. Nc3 e6 6. Bd3 Be7 7. O-O O-O 8.
Qe1 Nc6 9. Nxc6 bxc6 10. f4 Rb8 11. Kh1 Nd7 12. Qg3 Bf6 13. f5 Nc5 14. Bh6 exf5
15. exf5 Be5 16. Qg4 Rxb2 17. Ne4 Nxd3 18. cxd3 d5 19. Ng5 Qb6 20. Rae1 Bc3 21.
Ne6 fxe6 22. f6 Rf7 23. Bxg7 Qb4 24. Qg5 Bd2 25. Qg3 Bxe1 26. Rxe1 Qb7 27. h4
Rxg7 28. fxg7 Rxa2 29. h5 Qxg7 {nitmo resigns} 0-1

[Event "ICS rated standard match"]
[Site "204.178.125.65"]
[Date "2000.05.31"]
[Round "?"]
[White "Hossa"]
[Black "nitmo"]
[Result "1-0"]
[WhiteElo "2310"]
[BlackElo "2068"]
[PlyCount "23"]
[EventDate "2000.??.??"]

1. e4 e5 2. Bc4 Nf6 3. d3 c6 4. Nf3 b5 5. Bb3 Bd6 6. O-O h6 7. a4 b4 8. d4 Qe7
9. Nbd2 Ba6 10. Re1 O-O 11. Nh4 g6 12. Nxg6 1-0

[Event "ICS rated standard match"]
[Site "204.178.125.65"]
[Date "2000.05.31"]
[Round "?"]
[White "Hossa"]
[Black "MM3Quick"]
[Result "1-0"]
[WhiteElo "2317"]
[BlackElo "2214"]
[PlyCount "137"]
[EventDate "2000.??.??"]

1. e4 d6 2. d4 c6 3. Nc3 Qc7 4. Nf3 e5 5. dxe5 dxe5 6. Bc4 Be7 7. Ng5 Bxg5 8.
Bxg5 Nd7 9. Qd2 Ngf6 10. f3 O-O 11. O-O-O b5 12. Bd3 a5 13. Be2 Ba6 14. Qd6
Qxd6 15. Rxd6 b4 16. Bxa6 Rxa6 17. Na4 h6 18. Be3 Rb8 19. Rhd1 Rb7 20. g4 Ra8
21. Rxc6 Kf8 22. Nb6 Nxb6 23. Rxb6 Rxb6 24. Bxb6 Ra6 25. Bc7 Ke7 26. Bxe5 Rc6
27. a3 bxa3 28. bxa3 Ke6 29. Bxf6 Kxf6 30. Rd5 a4 31. Kd2 Ke6 32. f4 Ra6 33. c4
Ke7 34. c5 Rg6 35. h3 Rf6 36. Ke3 Rc6 37. Kd3 g6 38. h4 Rf6 39. Ke3 Rc6 40. h5
gxh5 41. Rxh5 Kd8 42. Rd5+ Ke7 43. Re5+ Kd8 44. Ke2 Rg6 45. Kf3 Rc6 46. Kg3 Kd7
47. Rd5+ Ke7 48. Kh4 Rc8 49. Kh5 Kf6 50. Rd6+ Ke7 51. Rd4 Rxc5+ 52. Kxh6 Rc6+
53. Kh7 Rc3 54. Rxa4 Rg3 55. g5 Rg4 56. Ra7+ Kf8 57. Ra8+ Ke7 58. Kg7 Rxf4 59.
Rf8 Rxe4 60. Rxf7+ Ke6 61. a4 Rxa4 62. g6 Ra8 63. Rf4 Ra1 64. Kg8 Rh1 65. g7
Ke7 66. Re4+ Kd7 67. Kf7 Rf1+ 68. Kg6 Rg1+ 69. Kf6 {MM3Quick resigns} 1-0

[Event "ICS rated blitz match"]
[Site "204.178.125.65"]
[Date "2000.05.31"]
[Round "?"]
[White "QueenMaxima"]
[Black "Hossa"]
[Result "1-0"]
[WhiteElo "2577"]
[BlackElo "2402"]
[PlyCount "81"]
[EventDate "2000.??.??"]

1. e4 c5 2. Nf3 d6 3. d4 cxd4 4. Nxd4 Nf6 5. Nc3 e6 6. Be2 a6 7. O-O Be7 8. f4
Nbd7 9. Kh1 O-O 10. Be3 Nc5 11. e5 Nfe4 12. Nxe4 Nxe4 13. Bf3 dxe5 14. Bxe4
exd4 15. Bxd4 Bd6 16. Qf3 Rb8 17. Qg3 f6 18. Rad1 Qc7 19. Rf3 b6 20. Rc3 Qe7
21. Rb3 Bc7 22. Qf2 Rd8 23. Qh4 g5 24. fxg5 fxg5 25. Bxh7+ Qxh7 26. Qxg5+ Kf8
27. Rh3 Qxh3 28. Qg7+ Ke8 29. gxh3 Bd6 30. Qg6+ Kd7 31. Be5 Bb7+ 32. Kg1 Kc6
33. Qxe6 Rg8+ 34. Kf2 Rgf8+ 35. Ke2 Rbd8 36. Rxd6+ Rxd6 37. Qxd6+ Kb5 38. c4+
Kxc4 39. b3+ Kb5 40. a4+ Ka5 41. Bc3# {Hossa checkmated} 1-0